00244nam a2200097Ia 4500008004100000082000800041100001700049245005900066942000600125999001500131240331s9999 xx 000 0 und d bOCO aO'Connell, H 0aDedicated lives :bwomen organising for a fairer world cL c1816d1816